01501nam a2200313 a 4500001001200000003000800012006001900020007001500039008004100054010001700095020001500112040002100127035002100148050002700169245029500196260005600491300002300547490001900570504005200589533015200641650006300793650005000856650005400906655002900960710001700989830003801006856012601044999001701170ebr10055130CaPaEBRm u cr cn|||||||||990617s1999 dcua sb 100 0 eng d z 99229013  z0309065402 aCaPaEBRcCaPaEBR a(OCoLC)61454805014aG70.215.U6bD57 1999eb00aDistributed geolibrariesh[electronic resource] :bspatial information resources : summary of a workshop /cPanel on Distributed Geolibraries, Mapping Science Committee, Board on Earth Sciences and Resources, Commission on Geosciences, Environment, and Resources, National Research Council. aWashington, D.C. :bNational Academy Press,cc1999. axv, 119 p. :bill.1 aCompass series aIncludes bibliographical references (p. 93-96). aElectronic reproduction.bPalo Alto, Calif. :cebrary,d2013.nAvailable via World Wide Web.nAccess may be limited to ebrary affiliated libraries. 0aGeographic information systemszUnited StatesvCongresses. 0aDigital librarieszUnited StatesvCongresses. 0aDistributed databaseszUnited StatesvCongresses. 7aElectronic books.2local2 aebrary, Inc. 0aCompass series (Washington, D.C.)40uhttp://site.ebrary.com/lib/rucke/Doc?id=10055130zAn electronic book accessible through the World Wide Web; click to view c63789d63789